000
00329 a2200145 4500
001
162755
020
_a
040
_c
Magnum
100
_a
Stempleski, Susan
240
1
0
_a
Ali baba and the forty thieves
_l
ING
245
1
0
_a
Ali baba and the forty thieves
362
0
_a
1899
697
_a
LITERATURA ESTRANGEIRA
942
_c
BK
999
_c
162755
_d
162755